• 首页
  • 本馆介绍
  • 公告通知
  • 最新文献
  • 馆藏检索
  • 电子资源
  • 读者导购
  • 参考咨询
  • 我的图书馆
  • 登录
  • 详细信息显示
  • 放入我的书架
  • 预约/预借图书
  • 作者相关作品
  • 分类相关作品
  • 丛书相关作品
  • 出版社相关作品

书目信息

  • 表格格式
  • 工作单格式
  • 卡片格式
题名:
浅谈歌曲创作
    
 
作者: 靳卯君 著
分册:  
出版信息: 杭州   浙江人民出版社  1981
页数: 86页
开本: 19cm
丛书名: 群众文艺辅导丛书
单 册:
中图分类: J614.5
科图分类:
主题词: 歌曲作法
电子资源:
ISBN: 8103.514
000 00672oam2 2200253 450
001 0181002851
005 20100712220002.0
010    @a8103.514@dCNY0.22
091    @a8103.514
100    @a19950515d1981 em y0chiy0110 ea
101 0  @achi
102    @aCN@b330000
105    @ay z 000yy
106    @ar
200 1  @a浅谈歌曲创作@9Qian;Jian Tan Ge Qu Chuang Zuo @f靳卯君著
210    @a杭州@c浙江人民出版社@d1981
215    @a86页@d19cm
225 2  @a群众文艺辅导丛书
461  0 @12001 @a群众文艺辅导丛书
606 0  @a歌曲作法
690    @aJ614.5@v3
701  0 @a靳卯君@9jin mao jun@4著
801  0 @aCN@bAzMarc@c20130904
905    @aBZT@dJ614.5@e1@f2@sJ614.5/1
    
    浅谈歌曲创作/靳卯君著.-杭州:浙江人民出版社,1981
    86页;19cm.-(群众文艺辅导丛书)
    
    
    ISBN 8103.514:CNY0.22
    
●
相关链接 在五车中查询图书 在当当中查询图书 在豆瓣中查询图书


正题名:浅谈歌曲创作     索取号:J614.5/1         预约/预借

序号 登录号 条形码 馆藏地/架位号 状态 备注
1 2000120912   2000120912   旧书回溯/ [索取号:J614.5/1] 在馆    
2 2000120913   2000120913   旧书回溯/ [索取号:J614.5/1] 在馆    
山东省滨州职业学院图书馆 欢迎您!
大连网信软件有限公司© 版权所有